000 00349nam a2200133Ia 4500
008 240624s9999 xx 000 0 und d
041 _aeng
082 _a920 SIN
100 _aSINGH JANAK
245 _aDR B R AMBEDKAR THE MESSIAH OF THE DOWNT
260 _c2010
_aNew Delhi
_bKalpaz Publications
300 _a377 : p. : cm. ; 23
365 _cRS
_b25
999 _c19046
_d19046